000
00188 a2200097 4500
020
_a
9789681652777
041
_a
spa
100
_a
Anthony Browne
245
_a
Willy el Soądor
942
_c
K
999
_c
31320
_d
31318